[Event "Sparkassen-Open A"]
[Site "Heusenstamm, Martinsee"]
[Date "2019.11.22"]
[Round "2.28"]
[White "Von Auer, Ulrich"]
[Black "Boos, Markus"]
[Result "0-1"]
[WhiteElo "2033"]
[BlackElo "2165"]
[PlyCount "58"]
[EventDate "2019.??.??"]
[WhiteTeam "SF Frankfurt"]
[BlackTeam "Elberfelder SG"]

1. Nf3 Nf6 2. c4 e6 3. g3 d5 4. Bg2 d4 5. d3 c5 6. b4 cxb4 7. a3 bxa3 8. O-O
Nc6 9. Nbd2 Be7 10. Bxa3 O-O 11. Qb3 a5 12. c5 Nd5 13. Rfc1 Ra6 14. Qc4 Nc3 15.
Kf1 e5 16. Qb3 Qc7 17. Nc4 Be6 18. Nfd2 Bg5 19. Rc2 Rb8 20. Qb2 Nb4 21. Bxb4
axb4 22. Rxa6 bxa6 23. Qa1 Bxd2 24. Rxd2 Qxc5 25. Qxa6 Bxc4 26. dxc4 e4 27. Rb2
b3 28. Ke1 Qb4 29. Qa7 Nb5+ 0-1

[Event "Sparkassen-Open A"]
[Site "Heusenstamm, Martinsee"]
[Date "2019.11.22"]
[Round "2.29"]
[White "Henrich, Thomas"]
[Black "Syed, Tareq"]
[Result "1-0"]
[WhiteElo "2163"]
[BlackElo "2027"]
[PlyCount "107"]
[EventDate "2019.??.??"]
[WhiteTeam "SK Marburg"]
[BlackTeam "SC Brett vorm Kopp"]

1. e4 d6 2. d4 Nf6 3. f3 Nbd7 4. c4 e5 5. d5 Be7 6. Be3 c5 7. Ne2 h5 8. Nbc3 h4
9. Qd2 Nf8 10. Nc1 Ng6 11. Nd3 Nh5 12. Ne2 Nf6 13. b4 b6 14. a4 a5 15. bxc5
bxc5 16. Nc3 Nh5 17. Nb5 Ra6 18. Nc1 Nhf4 19. Rg1 Bg5 20. Nb3 Bh6 21. Qc3 Nh5
22. Bxh6 Rxh6 23. g3 hxg3 24. hxg3 Nxg3 25. Rxg3 Qh4 26. O-O-O Qxg3 27. Nc7+
Ke7 28. Nxa6 Bxa6 29. Nd2 Qf2 30. Qxa5 Bc8 31. Qc3 Rh2 32. a5 Nf4 33. Qb3 Qd4
34. Qb2 Qe3 35. Qb3 Qd4 36. Kc2 Qf2 37. Qc3 Ba6 38. Qb3 Bc8 39. Qb8 Qxf3 40.
Qxc8 Qxe4+ 41. Kc1 Qd4 42. Qb7+ Kf6 43. Qb2 Qe3 44. Kb1 Qd4 45. Qxd4 cxd4 46.
a6 Ke7 47. Kc2 Rh8 48. Rb1 f5 49. Rb7+ Kf6 50. Rd7 e4 51. Rxd6+ Ke5 52. Rd7 e3
53. Nf3+ Ke4 54. Ng5+ 1-0

[Event "Sparkassen-Open A"]
[Site "Heusenstamm, Martinsee"]
[Date "2019.11.22"]
[Round "2.30"]
[White "Volkov, Mykyta"]
[Black "Altenbernd, Jannis-Domenik"]
[Result "1-0"]
[WhiteElo "2142"]
[BlackElo "2022"]
[PlyCount "63"]
[EventDate "2019.??.??"]
[WhiteTeam "Elberfelder SG"]
[BlackTeam "SG Bünde"]

1. d4 Nf6 2. c4 d6 3. Nf3 c6 4. Nc3 Qc7 5. e4 e5 6. Be2 h6 7. h3 Be7 8. Be3 O-O
9. g4 exd4 10. Nxd4 Re8 11. Qc2 Nbd7 12. Rg1 Nh7 13. O-O-O Nc5 14. Kb1 a5 15.
Nf5 Bf8 16. h4 Bxf5 17. gxf5 Qe7 18. f3 Qxh4 19. Rg4 Qf6 20. Qd2 Kh8 21. Bd4
Qg5 22. Rxg5 Nxg5 23. f6 g6 24. Be3 Re5 25. Rh1 Kg8 26. Bf4 Re6 27. Bxg5 hxg5
28. Qxg5 Re5 29. Qg3 Rae8 30. f4 Nxe4 31. Nxe4 Rxe4 32. Qh3 1-0

[Event "Sparkassen-Open A"]
[Site "Heusenstamm, Martinsee"]
[Date "2019.11.22"]
[Round "2.31"]
[White "Pfeffer, Marko"]
[Black "Wiley, Tom E"]
[Result "1/2-1/2"]
[WhiteElo "2027"]
[BlackElo "2141"]
[PlyCount "49"]
[EventDate "2019.??.??"]
[WhiteTeam "SC Bergen-Enkheim"]
[BlackTeam "Europchess"]

1. c4 f5 2. g3 Nf6 3. Bg2 g6 4. Nc3 Bg7 5. d3 d6 6. e4 c6 7. h4 O-O 8. Nge2 Na6
9. O-O e5 10. exf5 Bxf5 11. Bg5 h6 12. Bxf6 Qxf6 13. a3 Rf7 14. b4 Bd7 15. Qd2
Raf8 16. Rad1 Nc7 17. Ne4 Qe7 18. c5 Ne8 19. cxd6 Nxd6 20. Nxd6 Qxd6 21. Qe3
Bg4 22. Rd2 a6 23. Nc3 Qd4 24. Qxd4 exd4 25. Ne4 1/2-1/2

[Event "Sparkassen-Open A"]
[Site "Heusenstamm, Martinsee"]
[Date "2019.11.22"]
[Round "2.32"]
[White "Özdemir, Ali Özden"]
[Black "Lesny, Florian"]
[Result "0-1"]
[WhiteElo "2017"]
[BlackElo "2138"]
[PlyCount "60"]
[EventDate "2019.??.??"]
[WhiteTeam "SK Langen"]
[BlackTeam "SK Niederbrechen"]

1. e4 c5 2. Nf3 d6 3. d4 cxd4 4. Nxd4 Nf6 5. f3 e5 6. Nb3 d5 7. Bg5 d4 8. c3
Nc6 9. Bb5 h6 10. Bxf6 Qxf6 11. cxd4 Bb4+ 12. Nc3 O-O 13. Bxc6 bxc6 14. dxe5
Qxe5 15. Qd4 Qe7 16. O-O Be6 17. Na4 Rfd8 18. Qe3 Qd6 19. Nac5 Bxb3 20. Nxb3
Qe5 21. Rf2 Qb5 22. Rc2 Rd3 23. Qf2 Rad8 24. g3 a5 25. a3 Rxb3 26. axb4 Qxb4
27. Re1 Rdd3 28. f4 Rf3 29. Qe2 Qd4+ 30. Kg2 Rfe3 0-1

[Event "Sparkassen-Open A"]
[Site "Heusenstamm, Martinsee"]
[Date "2019.11.22"]
[Round "2.33"]
[White "Steinle, Carsten"]
[Black "Vlassis, Georgios"]
[Result "0-1"]
[WhiteElo "2137"]
[BlackElo "2017"]
[PlyCount "84"]
[EventDate "2019.??.??"]
[WhiteTeam "SV Ahlen"]
[BlackTeam "SACH Thessaloniki"]

1. Nf3 d6 2. d4 Bg4 3. Bf4 Bxf3 4. exf3 c6 5. Nd2 g6 6. h4 Bg7 7. c3 Nf6 8. Qb3
Qb6 9. Nc4 Qxb3 10. axb3 Nbd7 11. b4 O-O 12. Be2 Nd5 13. Bd2 c5 14. bxc5 dxc5
15. dxc5 Nxc5 16. Ra3 Rfd8 17. h5 Nb6 18. hxg6 hxg6 19. Be3 Nxc4 20. Bxc4 Nd3+
21. Bxd3 Rxd3 22. Rxa7 Rxe3+ 23. fxe3 Rxa7 24. Kd2 e6 25. Kc2 Kf8 26. Kb3 Ke7
27. f4 e5 28. g3 e4 29. g4 Ra6 30. Rh7 Bf8 31. Kc4 Rd6 32. Rh1 Rd2 33. b4 Rd3
34. Ra1 Bg7 35. Ra7 Rxc3+ 36. Kd5 Rc7 37. g5 Kd7 38. b5 Bf8 39. Kxe4 Bc5 40.
Ra8 Bb6 41. Kd3 Kd6 42. Re8 Re7 0-1

[Event "Sparkassen-Open A"]
[Site "Heusenstamm, Martinsee"]
[Date "2019.11.22"]
[Round "2.34"]
[White "Woestmann, Ulrich"]
[Black "Spilles, Matthias"]
[Result "1/2-1/2"]
[WhiteElo "2014"]
[BlackElo "2074"]
[PlyCount "108"]
[EventDate "2019.??.??"]
[WhiteTeam "SV Ahlen"]
[BlackTeam "Brühler SK"]

1. e4 e6 2. d4 d5 3. exd5 exd5 4. Nf3 Nf6 5. c4 Bb4+ 6. Nc3 O-O 7. Be2 dxc4 8.
O-O Bxc3 9. bxc3 Be6 10. Rb1 Nbd7 11. Bg5 Rb8 12. a4 h6 13. Bxf6 Nxf6 14. Qc2
Bd5 15. Nd2 Re8 16. Bxc4 Bxc4 17. Nxc4 Qd5 18. Ne3 Qh5 19. Rb5 Qg6 20. Qxg6
fxg6 21. Rfb1 b6 22. R5b3 Ne4 23. Ra3 Re6 24. d5 Re5 25. a5 Rf8 26. axb6 axb6
27. Rb2 Nxf2 28. Rxf2 Rxe3 29. Rc2 Rf4 30. Ra8+ Kf7 31. Rc8 Re7 32. c4 Kf6 33.
c5 Ke5 34. d6 cxd6 35. cxd6 Rd7 36. Rd2 Rd4 37. Re8+ Kd5 38. Rb2 Rxd6 39. Re7
Kc5 40. Rxg7 b5 41. Rh7 h5 42. Rb7 Rb6 43. Rc7+ Kd6 44. Rc8 Kd5 45. Kf2 b4 46.
Ke3 Re6+ 47. Kf3 Ree4 48. Ra2 Rd3+ 49. Kf2 Red4 50. Ra5+ Ke6 51. Rb5 h4 52.
Rb6+ Kf7 53. Rb7+ Rd7 54. Rxb4 R3d4 1/2-1/2

[Event "Sparkassen-Open A"]
[Site "Heusenstamm, Martinsee"]
[Date "2019.11.22"]
[Round "2.35"]
[White "Eckert, Marius"]
[Black "Triebus, Bruno"]
[Result "0-1"]
[WhiteElo "2086"]
[BlackElo "1992"]
[PlyCount "74"]
[EventDate "2019.??.??"]
[WhiteTeam "SV Waltrop"]
[BlackTeam "SW Lichtenrade"]

1. d4 d5 2. Bf4 Nf6 3. e3 c5 4. c3 Nc6 5. Nd2 e6 6. Ngf3 cxd4 7. exd4 Nh5 8.
Be3 Bd6 9. Ne5 g6 10. g4 Ng7 11. h4 Nxe5 12. dxe5 Bxe5 13. Nf3 Bd6 14. h5 gxh5
15. Bh6 Bf8 16. Qd4 Rg8 17. Ne5 Bd7 18. Bd3 Nf5 19. gxf5 Bxh6 20. fxe6 Bxe6 21.
Ke2 Qg5 22. Bb5+ Ke7 23. Rag1 Qf4 24. Rxg8 Rxg8 25. Rxh5 Qxd4 26. cxd4 Bc1 27.
b3 h6 28. Rh1 Bg5 29. Nd3 a6 30. Nc5 axb5 31. Nxb7 Ra8 32. Ra1 b4 33. Nc5 Bf5
34. f4 Bxf4 35. Re1 Be4 36. Kf1 f5 37. Nd3 Bd6 0-1

[Event "Sparkassen-Open A"]
[Site "Heusenstamm, Martinsee"]
[Date "2019.11.22"]
[Round "2.36"]
[White "Junker, Christian"]
[Black "Chandler, Patrick"]
[Result "0-1"]
[WhiteElo "2011"]
[BlackElo "2124"]
[PlyCount "164"]
[EventDate "2019.??.??"]
[WhiteTeam "SV Neu-Isenburg"]
[BlackTeam "SC Nied"]

1. Nf3 d5 2. g3 Nf6 3. d3 Nc6 4. Nbd2 Bf5 5. Bg2 Qd7 6. h3 h6 7. g4 Bh7 8. c4
e6 9. O-O Be7 10. a3 g5 11. b4 h5 12. b5 Nd8 13. Bb2 Rg8 14. Ne5 Qc8 15. e4
hxg4 16. hxg4 dxc4 17. Ndxc4 Qb8 18. Qf3 Nd7 19. Nxd7 Kxd7 20. e5 Bg6 21. d4
Rh8 22. a4 Rh4 23. Rfd1 Ke8 24. a5 a6 25. b6 Nc6 26. d5 exd5 27. Qxd5 Qc8 28.
Ne3 cxb6 29. axb6 Nb4 30. Qxb7 Qxb7 31. Bxb7 Rb8 32. Bf3 Rxb6 33. Bd4 Rb8 34.
Bc3 Nd3 35. Rxa6 Nf4 36. Rda1 Bc5 37. Ra8 Rxa8 38. Rxa8+ Kd7 39. Ra5 Bb6 40.
Ra1 Rh3 41. Rd1+ Kc7 42. Ba8 Kb8 43. Bc6 Ne2+ 44. Kg2 Nxc3 45. Kxh3 Bxe3 46.
Ra1 Bxf2 47. Ra8+ Kc7 48. Be8 Ne2 49. Ra2 Nf4+ 50. Kh2 Bd4 51. Ra5 Kd8 52. Ba4
Ke7 53. Bb3 Be4 54. e6 f6 55. Ra4 Ne2 56. Kh3 Bf3 57. Bc4 Ng1+ 58. Kg3 Bc6 59.
Ra6 Bb7 60. Ra4 Nf3 61. Be2 Bc6 62. Ra6 Ne5 63. Bc4 Be3 64. Bb3 Bb5 65. Ra1 Be2
66. Rh1 Bf4+ 67. Kf2 Bc4 68. Bxc4 Nxc4 69. Kf3 Ne5+ 70. Ke4 Kxe6 71. Ra1 Nxg4
72. Ra6+ Bd6 73. Ra5 Ne5 74. Ra8 f5+ 75. Ke3 Bc5+ 76. Ke2 f4 77. Ra5 Bd4 78.
Kf1 Kf5 79. Kg2 g4 80. Ra8 Nc4 81. Ra4 Ne3+ 82. Kf2 Ke4 0-1

[Event "Sparkassen-Open A"]
[Site "Heusenstamm, Martinsee"]
[Date "2019.11.22"]
[Round "2.37"]
[White "Deuer, Marius"]
[Black "Weise, Martin"]
[Result "1-0"]
[WhiteElo "1985"]
[BlackElo "2118"]
[PlyCount "85"]
[EventDate "2019.??.??"]
[WhiteTeam "SC Weiße Dame Ulm"]
[BlackTeam "SC Fulda"]

1. d4 e6 2. Nf3 Nf6 3. c4 d5 4. g3 Be7 5. Bg2 O-O 6. O-O dxc4 7. Qc2 b6 8. Qxc4
Bb7 9. Bf4 c5 10. Nc3 Nbd7 11. Rfd1 a6 12. dxc5 Bxc5 13. e4 Rc8 14. Qd3 e5 15.
Bg5 h6 16. Bxf6 Nxf6 17. Qxd8 Rfxd8 18. Nxe5 Bd4 19. Nf3 Bxc3 20. Rxd8+ Rxd8
21. bxc3 Bxe4 22. Re1 Rd3 23. Ne5 Bxg2 24. Nxd3 Bd5 25. Nb4 Bc4 26. a4 a5 27.
Nc6 Kh7 28. Ne7 Be6 29. Rb1 Ne4 30. Rxb6 Nxc3 31. Ra6 Nxa4 32. Rxa5 Nb6 33. f4
Nc4 34. Rc5 Nd6 35. f5 Bb3 36. g4 Ne4 37. Rc7 Bd1 38. h3 h5 39. Rc1 Bf3 40. Rc4
hxg4 41. hxg4 Ng5 42. Kf2 Bb7 43. Ke3 1-0

[Event "Sparkassen-Open A"]
[Site "Heusenstamm, Martinsee"]
[Date "2019.11.22"]
[Round "2.38"]
[White "Englert, Jon"]
[Black "Fuß, Jean-Pierre"]
[Result "1-0"]
[WhiteElo "2117"]
[BlackElo "2008"]
[PlyCount "77"]
[EventDate "2019.??.??"]
[WhiteTeam "TV-Großostheim"]
[BlackTeam "SV Turm Sankt Augustin"]

1. d4 Nf6 2. c4 g6 3. f3 d5 4. cxd5 Nxd5 5. e4 Nb6 6. Nc3 Bg7 7. Be3 O-O 8. Qd2
e5 9. d5 c6 10. d6 Be6 11. O-O-O N8d7 12. h4 f6 13. h5 Qe8 14. g4 Qf7 15. hxg6
hxg6 16. Qh2 Rfd8 17. Qh7+ Kf8 18. Kb1 Qe8 19. Bh6 Qf7 20. Qh8+ Qg8 21. Bxg7+
Kf7 22. Rh7 Qxh8 23. Bxh8+ Kg8 24. Re7 Re8 25. Bxf6 Nxf6 26. Rxb7 Reb8 27. Ba6
Nfd7 28. Rxb8+ Rxb8 29. Be2 Kf7 30. Nh3 Kf6 31. b3 Rh8 32. Nf2 a5 33. Nd3 Rh2
34. Rd2 Nc8 35. Nb2 Ncb6 36. Kc2 Rh3 37. Nc4 Bxc4 38. bxc4 Kg5 39. Rd3 1-0

[Event "Sparkassen-Open A"]
[Site "Heusenstamm, Martinsee"]
[Date "2019.11.22"]
[Round "2.39"]
[White "Villwock, Martin"]
[Black "Küppper, Martin"]
[Result "1-0"]
[WhiteElo "2110"]
[BlackElo "1991"]
[PlyCount "67"]
[EventDate "2019.??.??"]
[WhiteTeam "SF Essen-Katernberg"]
[BlackTeam "SC Fulda"]

1. b3 d5 2. Bb2 Nf6 3. e3 Bf5 4. h3 e6 5. g4 Be4 6. Nf3 h5 7. g5 Nfd7 8. Rg1
Nc6 9. d3 Bxf3 10. Qxf3 Nde5 11. Qe2 Qd7 12. Nd2 O-O-O 13. O-O-O h4 14. Bg2 Rg8
15. Kb1 Be7 16. f4 Ng6 17. Rgf1 Kb8 18. Qf3 f6 19. Qh5 Qe8 20. c4 fxg5 21. f5
Nge5 22. Qe2 dxc4 23. Nxc4 Bf6 24. d4 Nxc4 25. Qxc4 exf5 26. Rxf5 Ne7 27. Rc5
c6 28. e4 Nc8 29. Rc1 Qd7 30. d5 cxd5 31. Rxd5 Qc6 32. Rc5 Qb6 33. e5 Be7 34.
Rb5 1-0

[Event "Sparkassen-Open A"]
[Site "Heusenstamm, Martinsee"]
[Date "2019.11.22"]
[Round "2.40"]
[White "Kürschner, Matthias"]
[Black "Seewi, Joram"]
[Result "0-1"]
[WhiteElo "1993"]
[BlackElo "2108"]
[PlyCount "164"]
[EventDate "2019.??.??"]
[WhiteTeam "SK Langen"]
[BlackTeam "SG Kalker/Deutzer"]

1. e4 Nc6 2. Nf3 d5 3. exd5 Qxd5 4. Nc3 Qd6 5. d4 Bg4 6. Be2 O-O-O 7. Ng5 Bxe2
8. Nxe2 Qd5 9. O-O Nh6 10. c3 e5 11. Be3 Nf5 12. Nf3 exd4 13. Bxd4 Bd6 14. Qa4
Nfxd4 15. Nexd4 Nxd4 16. Qxd4 Bc5 17. Qxd5 Rxd5 18. Rad1 Rhd8 19. Rxd5 Rxd5 20.
Re1 f6 21. Re2 Kd7 22. Rd2 Kc6 23. Kf1 a5 24. Ke2 g5 25. h3 h6 26. Rxd5 Kxd5
27. Nd2 b5 28. f3 f5 29. Kd3 Ke5 30. c4 c6 31. cxb5 cxb5 32. b3 Kf4 33. Ke2 Bb4
34. Nf1 Ke5 35. Kd3 f4 36. Nh2 h5 37. Nf1 Kd5 38. Nh2 Be1 39. Nf1 Kc5 40. Nh2
Kb4 41. Kc2 Ka3 42. Kb1 a4 43. bxa4 Kxa4 44. Kc2 Ka3 45. Kb1 b4 46. Nf1 Bc3 47.
Nh2 Bd2 48. Nf1 Be3 49. g3 h4 50. gxh4 gxh4 51. Nh2 b3 52. axb3 Kxb3 53. Ng4
Kc3 54. Ne5 Bf2 55. Kc1 Bg3 56. Kd1 Kd4 57. Nf7 Ke3 58. Ng5 Kf2 59. Kd2 Kg2 60.
Kd3 Bf2 61. Ke4 Kg3 62. Ne6 Be3 63. Ng5 Bc1 64. Kf5 Ba3 65. Ne6 Bd6 66. Ng5 Bf8
67. Ke4 Bh6 68. Nf7 Bg7 69. Ng5 Bh6 70. Nf7 Bf8 71. Ng5 Be7 72. Ne6 Kxh3 73.
Nxf4+ Kg3 74. Ne2+ Kf2 75. Nf4 Bd6 76. Nh3+ Kg2 77. Ng5 Kg3 78. Kd3 Bf4 79.
Ne4+ Kxf3 80. Nf6 h3 81. Ng4 Kxg4 82. Ke2 h2 0-1

[Event "Sparkassen-Open A"]
[Site "Heusenstamm, Martinsee"]
[Date "2019.11.22"]
[Round "2.41"]
[White "Bardorz, Jana"]
[Black "Hinrichs, Niklas"]
[Result "1-0"]
[WhiteElo "1932"]
[BlackElo "2105"]
[PlyCount "39"]
[EventDate "2019.??.??"]
[WhiteTeam "TSV Rottendorf"]
[BlackTeam "SK Bingen"]

1. e4 c5 2. Nf3 d6 3. d4 cxd4 4. Nxd4 Nf6 5. Nc3 a6 6. f4 e6 7. Qf3 Qc7 8. g4
b5 9. Qe2 Bb7 10. Bg2 Nc6 11. Nxc6 Qxc6 12. g5 Nd7 13. O-O Rc8 14. f5 Qc4 15.
fxe6 fxe6 16. Qf2 Ne5 17. Bf4 Rc7 18. Rad1 g6 19. Bxe5 dxe5 20. Qf6 1-0

[Event "Sparkassen-Open A"]
[Site "Heusenstamm, Martinsee"]
[Date "2019.11.22"]
[Round "2.42"]
[White "Schellenberger, Dirk"]
[Black "Surani, Pal"]
[Result "1-0"]
[WhiteElo "1659"]
[BlackElo "2102"]
[PlyCount "89"]
[EventDate "2019.??.??"]
[WhiteTeam "Aschaffenburg-Schweinheim"]
[BlackTeam "SC Remagen-Sinzig"]

1. c4 g6 2. Nc3 c5 3. g3 Bg7 4. Bg2 Nf6 5. Nf3 Nc6 6. O-O O-O 7. Rb1 d5 8. cxd5
Nxd5 9. Re1 Nc7 10. d3 e5 11. a3 Re8 12. b4 cxb4 13. axb4 Nd4 14. Nxd4 exd4 15.
Ne4 Nb5 16. Bd2 Qb6 17. Nc5 Bf8 18. Qb3 Nc7 19. Qc4 Ne6 20. Bd5 Bg7 21. f4 Re7
22. e4 dxe3 23. Bxe3 Qd8 24. Bf2 Nxc5 25. Rxe7 Qxe7 26. Bxc5 Qe8 27. Kf2 Be6
28. Re1 Rd8 29. Bxe6 fxe6 30. Bxa7 Kf7 31. Rc1 Qa4 32. Bc5 b5 33. Qe4 Qa2+ 34.
Kg1 Rd5 35. Re1 Qa6 36. g4 Bc3 37. Re2 h5 38. h3 Bf6 39. Kg2 hxg4 40. hxg4 Rd8
41. Kg3 Rh8 42. g5 Bd8 43. Qd4 Re8 44. Qd7+ Be7 45. Kh2 1-0

[Event "Sparkassen-Open A"]
[Site "Heusenstamm, Martinsee"]
[Date "2019.11.22"]
[Round "2.43"]
[White "Reitz, Philipp"]
[Black "Werner, Rosalie"]
[Result "1-0"]
[WhiteElo "2088"]
[BlackElo "1592"]
[PlyCount "103"]
[EventDate "2019.??.??"]
[WhiteTeam "VfR-SC Koblenz"]
[BlackTeam "VSG Offenbach"]

1. e4 e6 2. d4 d5 3. Nd2 Nf6 4. e5 Nfd7 5. f4 c5 6. c3 Nc6 7. Ndf3 cxd4 8. cxd4
Qb6 9. a3 Be7 10. b4 f6 11. exf6 Nxf6 12. Bd3 Bd7 13. Ne2 g6 14. O-O Kf7 15.
Kh1 Kg7 16. Ne5 Rhf8 17. Be3 Nxe5 18. fxe5 Ng4 19. Qd2 Nxe3 20. Qxe3 Rac8 21.
Nf4 Rc3 22. Rf3 Qd8 23. Qd2 Rc8 24. Raf1 Bg5 25. h4 Bh6 26. Nh5+ gxh5 27. Rg3+
Kh8 28. Qxh6 Rxf1+ 29. Bxf1 Qf8 30. Qxf8+ Rxf8 31. Rf3 Kg7 32. Bd3 Rxf3 33.
gxf3 Be8 34. Kg2 Bg6 35. Bb5 Bf5 36. Kg3 h6 37. Kf4 Kf8 38. Ke3 Ke7 39. a4 Kd8
40. a5 a6 41. Be2 Ke7 42. Kf2 Kd7 43. f4 Bg6 44. Ke3 Kc7 45. Kd2 Kb8 46. Kc3
Ka7 47. Bd3 Bxd3 48. Kxd3 Kb8 49. f5 exf5 50. Ke3 Kc7 51. Kf4 Kc6 52. Kxf5 1-0

[Event "Sparkassen-Open A"]
[Site "Heusenstamm, Martinsee"]
[Date "2019.11.22"]
[Round "2.44"]
[White "Terwagne, Bertrand"]
[Black "Köllner, Christof"]
[Result "1/2-1/2"]
[WhiteElo "1809"]
[BlackElo "2088"]
[PlyCount "101"]
[EventDate "2019.??.??"]
[WhiteTeam "CRELEL"]
[BlackTeam "SV Bergneustadt/Derschlag"]

1. Nf3 d5 2. d4 Nf6 3. c4 e6 4. g3 Bb4+ 5. Bd2 Bd6 6. Bg2 c6 7. Qc2 Ne4 8. O-O
O-O 9. Bc1 f5 10. Bf4 Bxf4 11. gxf4 Rf6 12. b3 Rh6 13. Nbd2 Nd7 14. Rac1 Nf8
15. Qd3 Bd7 16. Qe3 Qe8 17. Nxe4 fxe4 18. Ne5 Qh5 19. h3 Rf6 20. f3 exf3 21.
Qxf3 Be8 22. Qxh5 Bxh5 23. e3 Bg6 24. Bf3 Rd8 25. Kf2 Nd7 26. Nxd7 Rxd7 27. Rg1
Bf5 28. Bg4 Kf8 29. Bxf5 exf5 30. cxd5 Rxd5 31. Rc5 Rfd6 32. Rgc1 Kf7 33. b4
Ke6 34. a4 Rd7 35. Kf3 g6 36. a5 a6 37. h4 Kf6 38. R1c2 Kg7 39. Rg2 Kf6 40.
Rgc2 R5d6 41. Rc1 Re6 42. R1c2 Rde7 43. R5c3 Re4 44. Rc1 h6 45. Rg1 Rg7 46. Rg2
Rge7 47. Rg1 R7e6 48. Rg2 Kf7 49. Rg1 Rf6 50. Rg2 Re7 51. Rg1 1/2-1/2

[Event "Sparkassen-Open A"]
[Site "Heusenstamm, Martinsee"]
[Date "2019.11.22"]
[Round "2.45"]
[White "Cramer, Lydia"]
[Black "Bakiev, Diyor"]
[Result "0-1"]
[WhiteElo "1529"]
[BlackElo "2084"]
[PlyCount "48"]
[EventDate "2019.??.??"]
[WhiteTeam "ZSG Waltershausen"]
[BlackTeam "Wiesbadener SV"]

1. e4 c6 2. d4 d5 3. Nc3 dxe4 4. Nxe4 Bf5 5. Ng3 Bg6 6. h4 h6 7. Nf3 Nd7 8. Bd3
Bxd3 9. Qxd3 e6 10. Be3 Ngf6 11. O-O-O Bd6 12. Ne4 Nxe4 13. Qxe4 Nf6 14. Qd3
O-O 15. Ng5 Qa5 16. Ne4 Nxe4 17. Qxe4 Qxa2 18. c3 a5 19. Qg4 f5 20. Qe2 a4 21.
c4 a3 22. Qc2 axb2+ 23. Kd2 Bb4+ 24. Ke2 b1=Q 0-1

[Event "Sparkassen-Open A"]
[Site "Heusenstamm, Martinsee"]
[Date "2019.11.22"]
[Round "2.46"]
[White "Enchev, Ivajlo"]
[Black "Foerster-Yialamas, Lucas"]
[Result "1-0"]
[WhiteElo "2487"]
[BlackElo "1953"]
[PlyCount "71"]
[EventDate "2019.??.??"]
[WhiteTeam "vereinslos"]
[BlackTeam "Frankfurter TV"]

1. Nf3 c5 2. b3 Nc6 3. Bb2 d6 4. c4 e5 5. Nc3 g6 6. g3 Bg7 7. d3 Nge7 8. Bg2
O-O 9. O-O h6 10. Nd2 Be6 11. a3 Qd7 12. Nd5 Bh3 13. Ne4 Bxg2 14. Nef6+ Bxf6
15. Nxf6+ Kg7 16. Nxd7 Bxf1 17. Nxf8 Bh3 18. Nxg6 fxg6 19. b4 cxb4 20. axb4
Nxb4 21. d4 Nbc6 22. dxe5 dxe5 23. Qd6 Rd8 24. Bxe5+ Kf7 25. Qf6+ Ke8 26. Qh8+
Kf7 27. Qh7+ Ke6 28. Qxh6 Kxe5 29. Qxh3 Kf6 30. Qf1 Nf5 31. Rd1 Rh8 32. Rd7 Ke6
33. Qd1 Kf6 34. e4 Ne5 35. exf5 Nxd7 36. Qxd7 1-0

[Event "Sparkassen-Open A"]
[Site "Heusenstamm, Martinsee"]
[Date "2019.11.22"]
[Round "2.47"]
[White "Calvi, Stefan"]
[Black "Nothnagel, Marian Can"]
[Result "0-1"]
[WhiteElo "2049"]
[BlackElo "2364"]
[PlyCount "88"]
[EventDate "2019.??.??"]
[WhiteTeam "SF Frankfurt"]
[BlackTeam "SV Griesheim"]

1. e4 e5 2. Nf3 d6 3. d4 exd4 4. Nxd4 Nf6 5. Nc3 Be7 6. Bc4 O-O 7. h3 Re8 8.
O-O Bf8 9. Re1 Nbd7 10. b3 c6 11. a4 Nc5 12. Qf3 d5 13. Bf1 Ncxe4 14. Bb2 Nd2
15. Qd3 Nxf1 16. Rxe8 Qxe8 17. Kxf1 Bd7 18. Re1 Qb8 19. Kg1 Bb4 20. Re3 Qc7 21.
Rf3 Re8 22. g4 Ne4 23. Nf5 Bxf5 24. Rxf5 Bxc3 25. Bxc3 Nxc3 26. Qxc3 Qe7 27.
Kg2 Qe4+ 28. Rf3 f6 29. Qd3 Kf7 30. Qxe4 Rxe4 31. Rd3 Ke6 32. Kf1 Kd6 33. f3
Re7 34. b4 c5 35. bxc5+ Kxc5 36. Rb3 b6 37. Kf2 Kc4 38. h4 d4 39. h5 Re5 40. f4
Re4 41. Kf3 Re1 42. g5 f5 43. g6 hxg6 44. hxg6 Re3+ 0-1

[Event "Sparkassen-Open A"]
[Site "Heusenstamm, Martinsee"]
[Date "2019.11.22"]
[Round "2.48"]
[White "Odendahl, Reiner"]
[Black "Haack, Kevin"]
[Result "1-0"]
[WhiteElo "2351"]
[BlackElo "1978"]
[PlyCount "47"]
[EventDate "2019.??.??"]
[WhiteTeam "Elberfelder SG"]
[BlackTeam "SC Bad Soden"]

1. Nf3 Nf6 2. c4 e6 3. g3 d5 4. Bg2 Be7 5. d4 O-O 6. O-O dxc4 7. Qc2 a6 8. a4
Nbd7 9. Nbd2 c5 10. Nxc4 cxd4 11. Nxd4 Bc5 12. Nb3 Bb4 13. Rd1 Qe7 14. Bd2 e5
15. a5 Rb8 16. Bc3 Re8 17. Qd2 Bxc3 18. Qxc3 Nc5 19. Nxc5 Qxc5 20. Nd6 Qxc3 21.
bxc3 Re7 22. Rab1 Bg4 23. Bxb7 Bxe2 24. Bxa6 1-0

[Event "Sparkassen-Open A"]
[Site "Heusenstamm, Martinsee"]
[Date "2019.11.22"]
[Round "2.49"]
[White "Abel, Thomas"]
[Black "Ahmad, Momin"]
[Result "1-0"]
[WhiteElo "2342"]
[BlackElo "1918"]
[PlyCount "61"]
[EventDate "2019.??.??"]
[WhiteTeam "vereinslos"]
[BlackTeam "SK Ottenau"]

1. d4 d5 2. c4 e6 3. Nf3 Nf6 4. g3 Be7 5. Bg2 O-O 6. O-O c6 7. Qc2 b6 8. Nbd2
Bb7 9. Rd1 Na6 10. e4 Rc8 11. b3 c5 12. exd5 exd5 13. Bb2 dxc4 14. Nxc4 Nb4 15.
Qe2 Nbd5 16. Nce5 Qc7 17. Rac1 Qb8 18. Bh3 Rce8 19. Qc4 Bd6 20. Bg2 Qa8 21.
dxc5 Bxc5 22. Ng4 h5 23. Nxf6+ Nxf6 24. Qf4 Re4 25. Qd2 Ng4 26. Rxc5 bxc5 27.
Qg5 g6 28. Nh4 Re6 29. Bxb7 Qxb7 30. h3 Qf3 31. Nxf3 1-0

[Event "Sparkassen-Open A"]
[Site "Heusenstamm, Martinsee"]
[Date "2019.11.22"]
[Round "2.50"]
[White "Papadopoulos, Ioannis"]
[Black "Krastev, Alexander"]
[Result "1/2-1/2"]
[WhiteElo "1944"]
[BlackElo "2330"]
[PlyCount "66"]
[EventDate "2019.??.??"]
[WhiteTeam "SV Oberursel"]
[BlackTeam "Biebertaler SF"]

1. e4 c5 2. Nf3 Nc6 3. d4 cxd4 4. Nxd4 g6 5. Nc3 Bg7 6. Be3 Nf6 7. Bc4 O-O 8.
Bb3 Re8 9. O-O d6 10. h3 Na5 11. Qd2 b6 12. Bh6 Bh8 13. f4 Bb7 14. Rae1 Nxb3
15. axb3 a6 16. e5 Nh5 17. Qf2 Bg7 18. Bxg7 Nxg7 19. f5 dxe5 20. fxg6 f6 21.
gxh7+ Kh8 22. Nf5 Nxf5 23. Qxf5 Qd4+ 24. Kh2 Rad8 25. Ne4 Qxb2 26. Rf3 Bxe4 27.
Rxe4 Qc1 28. Qg6 Qg5 29. Qxg5 fxg5 30. Rxe5 Kxh7 31. Rf7+ Kg6 32. Rfxe7 Rxe7
33. Rxe7 Rd6 1/2-1/2

[Event "Sparkassen-Open A"]
[Site "Heusenstamm, Martinsee"]
[Date "2019.11.22"]
[Round "2.51"]
[White "Berberich, Christoph"]
[Black "Spitzl, Vinzent"]
[Result "0-1"]
[WhiteElo "1958"]
[BlackElo "2307"]
[PlyCount "126"]
[EventDate "2019.??.??"]
[WhiteTeam "SGEM Dreisamtal"]
[BlackTeam "SV Griesheim"]

1. d4 f5 2. b3 g6 3. Bb2 Bg7 4. g3 Nf6 5. Bg2 O-O 6. c4 d6 7. d5 e5 8. dxe6 c6
9. Nh3 Bxe6 10. Ng5 Qe7 11. Nxe6 Qxe6 12. O-O Nbd7 13. Nd2 a5 14. a3 Rfe8 15.
e3 Ne5 16. Qc2 Rad8 17. Rac1 Qe7 18. c5 dxc5 19. Bxe5 Qxe5 20. Nf3 Qe6 21. Ng5
Qe7 22. Qxc5 Qxc5 23. Rxc5 Ra8 24. a4 h6 25. Nf3 Ne4 26. Rc2 Rad8 27. Rfc1 Rd6
28. Bf1 Red8 29. Bc4+ Kf8 30. Nh4 Ke7 31. Kg2 Nd2 32. Nf3 Nxc4 33. Rxc4 Rd3 34.
b4 R8d5 35. bxa5 Rxa5 36. Rb1 Ra7 37. Rcb4 Rd7 38. Nh4 Kf7 39. e4 fxe4 40. Rxe4
Rd4 41. Rxd4 Bxd4 42. Nf3 Bc3 43. Rb3 Bf6 44. Nd2 Ke6 45. Ne4 Bd4 46. Kf3 Kd5
47. Nd2 b6 48. Rb4 Rf7+ 49. Ke2 Rxf2+ 50. Kd3 Bc5 51. Rg4 Rf6 52. Ne4 Rf3+ 53.
Kd2 h5 54. Rh4 Be7 55. Ke2 Bxh4 56. Kxf3 Be7 57. h3 Kd4 58. g4 hxg4+ 59. hxg4
c5 60. g5 c4 61. Nf6 c3 62. Ke2 Bb4 63. Kd1 Kd3 0-1